En el lugar de la ficción : una investigación sobre las empatías literarias /

Detalles Bibliográficos
Autor principal: Jaramillo Appleby, Valentina (Autor)
Formato: Electrónico eBook
Lenguaje:español
Publicado: Bogotá : Editorial Aula de Humanidades, 2024.
Edición:Primera edición.
Colección:Colección Lenguajes (Editorial Aula de Humanidades)
Materias:
Acceso en línea:Digitalia Hispánica

MARC

LEADER 00000nam a2200000 i 4500
001 DIGAUHUM0041
003 NyNyDIG
007 cr |||||||||||
008 250502s2024 ck ob 001 0 spa d
006 m o d
035 |a (OCoLC)1519503077 
040 |a DGITA  |b eng  |e rda  |e pn  |c DGITA 
020 |a 9786287700475  |q (versión digital) 
020 |z 9786287700468  |q (versión impresa) 
050 1 4 |a PN3352.P7 ebook 
100 1 |a Jaramillo Appleby, Valentina,  |e author. 
245 1 0 |a En el lugar de la ficción :  |b una investigación sobre las empatías literarias /  |c Valentina Jaramillo Appleby. 
250 |a Primera edición. 
264 1 |a Bogotá :  |b Editorial Aula de Humanidades,  |c 2024. 
300 |a 1 online resource. 
336 |a text  |b txt  |2 rdacontent 
337 |a computer  |b c  |2 rdamedia 
338 |a online resource  |b cr  |2 rdacarrier 
347 |a text file  |2 rdaft 
347 |b PDF 
490 1 |a Colección: Lenguajes 
504 |a Includes bibliographical references and indexes. 
588 0 |a Online resource; title from PDF title page (Digitalia, viewed May 2, 2025) 
650 0 |a Fiction  |x Psychological aspects. 
650 0 |a Empathy in literature. 
791 2 |a Digitalia (Firm),  |e distributor. 
793 0 |g Digitalia eBook Collection:  |a Editorial Aula de Humanidades 
776 0 8 |i Print version:  |a Jaramillo Appleby, Valentina.  |t En el lugar de la ficción.  |b Primera edición.  |d Bogotá : Editorial Aula de Humanidades, [2024]  |z 9786287700468 
830 0 |a Colección Lenguajes (Editorial Aula de Humanidades) 
856 4 0 |3 Digitalia Hispánica  |u https://www.digitaliapublishing.com/a/170629/ 
910 |a Premium collection: 2025